000 00857 a2200325 4500
001 114421
020 _a9780061234668 (pbk.)
020 _a9780329665814 (Follett bdg.)
041 _apor
090 _aYear 1 [E]
092 _a2007930294
100 _aBenjamin, Ruth.
250 _a1st ed.
300 _a22 p.
490 _aI can read
697 _aPonies
697 _aMy Little Pony (Trademark)
697 _aReaders (Elementary)
697 _aWinter festivals
697 _aWinter festivals - Fiction.
697 _aMy Little Pony (Trademark) - Fiction.
697 _aPonies - Fiction.
697 _aRebuses.
830 _aI can read
856 _u000025/000025b3.jpg
040 _aBR-BrIDEA
_cBR-BrIDEA
245 1 0 _aMy little pony
_bwinter festival
_c Ruth Benjamin
260 _a[S.l.]
_bHarperCollins
_c2008
942 _cBK
999 _c114421
_d114421